Postavenia produktového portfólia v marketingovej stratégií bakalárska práca

Gespeichert in:
Bibliographische Detailangaben
1. Verfasser: Lukáčková, Simona
Körperschaft: Obchodná fakulta EU. Katedra tovaroznalectva a kvality tovaru
Weitere Verfasser: Strhan, Rastislav, 1968-
Format: Buch
Sprache:Slowakisch
Veröffentlicht: Bratislava 2012
Tags: Tag hinzufügen
Keine Tags, Fügen Sie das erste Tag hinzu!

MARC

LEADER 00000nbm a2200000 4500
001 0154487
005 20161109111848.1
041 0 |a slo 
044 |a SK 
245 1 0 |a Postavenia produktového portfólia v marketingovej stratégií  |b bakalárska práca  |c Simona Lukáčková ; školiteľ: Rastislav Strhan 
264 1 |a Bratislava  |c 2012 
300 |a 49 s. 
100 1 |a Lukáčková, Simona 
700 1 |a Strhan, Rastislav, 1968- 
710 2 |a Obchodná fakulta EU. Katedra tovaroznalectva a kvality tovaru